| Tag |
First Indicator |
Second Indicator |
Subfields |
| LEADER |
00000cam a2200000 i 4500 |
| 001 |
in00000095322 |
| 005 |
20150927150051.0 |
| 008 |
791127s1976 maua j 00000 eng d |
| 020 |
|
|
|a 0395215137
|
| 035 |
|
|
|a (OCoLC)05732365
|
| 035 |
|
|
|9 AAL7205AM
|
| 040 |
|
|
|a TXA
|c TXA
|d UtOrBLW
|
| 049 |
|
|
|a [Curr Col] TXAM
|c 1 [1631756], 2 [1631757]
|
| 090 |
|
|
|a H95
|b .B4 Workbook 1976a
|
| 245 |
0 |
0 |
|a Who are we? : activity book, skills practice /
|c Dolores Greco ; general editor, Lee F. Anderson.
|
| 250 |
|
|
|a Teacher's ed.
|
| 264 |
|
1 |
|a Boston :
|b Houghton Mifflin,
|c [1976]
|
| 264 |
|
4 |
|c ©1976
|
| 300 |
|
|
|a 96 pages :
|b illustrations ;
|c 28 cm.
|
| 336 |
|
|
|a text
|b txt
|2 rdacontent
|
| 337 |
|
|
|a unmediated
|b n
|2 rdamedia
|
| 338 |
|
|
|a volume
|b nc
|2 rdacarrier
|
| 490 |
0 |
|
|a Windows on our world ; Level 3
|
| 490 |
1 |
|
|a The Houghton Mifflin social studies program
|
| 500 |
|
|
|a Grades K-6.
|
| 500 |
|
|
|a Teacher's workbook to be used with the text Who are we? by Sara S. Beattie.
|
| 650 |
|
0 |
|a Social sciences
|v Juvenile literature.
|
| 650 |
|
0 |
|a Social psychology
|x Juvenile literature.
|
| 700 |
1 |
|
|a Beattie, Sara Smith.
|t Who are we?
|
| 700 |
1 |
|
|a Greco, Dolores.
|
| 830 |
|
0 |
|a Houghton Mifflin social studies program.
|
| 999 |
|
|
|a MARS
|
| 999 |
f |
f |
|s cfc9264c-c78c-3b51-b904-6dc0617e01be
|i 00c7084b-158e-3dc5-82ae-7a38a6de7443
|t 0
|
| 952 |
f |
f |
|p ric
|a Texas A&M University
|b Rellis Campus
|c Joint Library Facility
|d Remote Storage
|t 0
|e H95 .B4 Workbook 1976a
|h Library of Congress classification
|i unmediated -- volume
|k Workbook
|m A14800215610
|
| 998 |
f |
f |
|a H95 .B4 Workbook 1976a
|t 0
|l Remote Storage
|